Word Ladder: Bon Bands Quiz Stats

 Plays Quiz Updated Oct 26, 2012

Support Sporcle.
Go Orange.
Score 0/15 Timer 01:30
1 Play Today
Clue 4-Letter Word % Correct
'Wanted Dead or Alive' band Bon ___JOVI
96.7%
A score of zero, in tennisLOVE
92.9%
Kelly Clarkson's 'Since U ___ Gone'BEEN
91.2%
Place to bake a cakeOVEN
89%
Simon and Garfunkel's 'Bridge ___ Troubled Water'OVER
86.7%
The more poetic name for the Roman king of the godsJOVE
81.8%
Espied or viewedSEEN
81.1%
Lay down asphaltPAVE
75.6%
Clue 4-Letter Word % Correct
Common Danish and Norwegian first nameSVEN
74.7%
WashLAVE
74.1%
The capital of SwitzerlandBERN
71.8%
Trim off parts of vegetablesPARE
69.3%
French for fatherPÈRE
63.6%
Anne McCaffrey's fictional planetPERN
53.7%
'Holocene' band Bon ___IVER
40.3%

Today's Daily Dose

Word Ladder
ING Words

Get the Picture
Nearest Volcano

From the Vault

Finish the Lyrics (Christmas)

by gwukelic

Holiday 8m
The best way to spread Christmas cheer is singing loud for all to hear.
Remove Ads.
Support Sporcle.
Get the best of Sporcle when you Go Orange. This ad-free experience offers more features, more stats, and more fun while also helping to support Sporcle. Thank you for becoming a member.

Show Comments

Extras

Top Quizzes Today


Score Distribution

Your Account Isn't Verified!

In order to create a playlist on Sporcle, you need to verify the email address you used during registration. Go to your Sporcle Settings to finish the process.

Report this User

Report this user for behavior that violates our Community Guidelines.

Details: